|
|
|
|
| LEADER |
01630nam a2200313 a 4500 |
| 001 |
4379502 |
| 008 |
100114s1991 ctu b 000 0 eng d |
| 010 |
|
|
|a 91031013
|
| 020 |
|
|
|a 0931816610 (cases : alk. paper)
|
| 020 |
|
|
|a 0931816629 (teaching notes : alk. paper)
|
| 040 |
|
|
|a DLC
|c DLC
|d DLC
|d BD-DhAAL
|
| 082 |
0 |
0 |
|a 307.1/412/091724
|2 20
|
| 245 |
0 |
0 |
|a Gender analysis in development planning :
|b a case book /
|c editors, Aruna Rao, Mary B. Anderson, Catherine A. Overholt.
|
| 250 |
|
|
|a 1st ed.
|
| 260 |
|
|
|a West Hartford, Conn., USA :
|b Kumarian Press,
|c 1991.
|
| 300 |
|
|
|a viii, 103 p. ;
|c 23 cm.
|
| 490 |
0 |
|
|a Kumarian Press library of management for development
|
| 504 |
|
|
|a Includes bibliographical references (p. 100-103).
|
| 541 |
1 |
|
|e 00005603
|
| 650 |
|
0 |
|a Women in rural development
|z Developing countries
|x Case studies.
|
| 650 |
|
0 |
|a Rural development projects
|z Developing countries
|x Case studies.
|
| 700 |
1 |
|
|a Rao, Aruna.
|
| 700 |
1 |
|
|a Anderson, Mary B.,
|d 1939-
|
| 700 |
1 |
|
|a Overholt, Catherine,
|d 1942-
|
| 852 |
4 |
|
|a Ayesha Abed Library
|j General shelf
|
| 999 |
|
|
|c 6977
|d 6977
|
| 952 |
|
|
|0 0
|1 0
|2 ddc
|4 0
|6 307_141209172400000_GEN_1991
|7 0
|9 7220
|a BRACUL
|b BRACUL
|c GEN
|d 2010-01-14
|g 0.00
|l 0
|o 307.1412091724 GEN
|p 3010005603
|r 2010-01-14
|t 1
|w 2010-01-14
|y BK
|z Not price in Register
|
| 952 |
|
|
|0 0
|1 0
|2 ddc
|4 0
|6 307_141209172400000_GEN_1991
|7 0
|9 7221
|a BRACUL
|b BRACUL
|c GEN
|d 2010-01-14
|l 0
|o 307.1412091724 GEN
|p 3010006101
|r 2010-01-14
|t 2
|w 2010-01-14
|y BK
|
| 952 |
|
|
|0 0
|1 0
|2 ddc
|4 0
|6 307_141209172400000_GEN_1991
|7 0
|9 7528
|a BRACUL
|b BRACUL
|c GEN
|d 2010-01-27
|l 1
|o 307.1412091724 GEN
|p 3010006036
|r 2024-01-29
|s 2024-01-23
|t 3
|w 2010-01-27
|y BK
|